Sports aux Jeux olympiques de Paris 2024 - Statistiques

Statistiques générales
  • Ce quiz a été pris 68 625 fois
    64 180 depuis la dernière actualisation
  • Le résultat moyen est 29 sur 45
Statistiques - réponses
Disciplines % Correct
Football
95%
Natation artistique
95%
Natation sportive
95%
Plongeon
95%
Water-polo
95%
Athlétisme
94%
Basketball
87%
Basketball 3x3
87%
Judo
80%
BMX freestyle
79%
BMX racing
79%
Cyclisme sur piste
79%
Cyclisme sur route
79%
VTT
79%
Tennis
77%
Volley-ball
75%
Volley-ball de plage
75%
Handball
72%
Rugby à sept
72%
Escrime
69%
Gymnastique artistique
69%
Tennis de table
69%
Gymnastique rythmique
68%
Sports équestres
68%
Trampoline
68%
Tir
66%
Boxe
59%
Tir à l'arc
59%
Skateboard
58%
Canoë-kayak slalom
57%
Canoë sprint
57%
Breakdance
54%
Badminton
51%
Surf
49%
Triathlon
46%
Aviron
45%
Lutte gréco-romaine
39%
Lutte libre
39%
Escalade
37%
Hockey sur gazon
34%
Golf
31%
Voile
31%
Taekwondo
28%
Haltérophilie
20%
Pentathlon moderne
19%
Aucun quiz correspondant
Distribution des résultats
% des personnes avec chaque résultat
Percentile par nombre de réponses
Votre historique - résultats
Vous n’avez pas pris ce quiz depuis la dernière actualisation